Zakládání staveb - Brno 2015 : 43. konference se zahraniční účastí. Sborník příspevků, Brno, ČR, 9. - 10. 11. 2015

Salvato in:
Dettagli Bibliografici
Ente Autore: Zakládání staveb 2015 Brno, Česká republika
Altri autori: Klímek, Lubomír (Revisore), Miča, Lumír (Revisore), Svoboda, Petr (Revisore)
Natura: Atti del Convegno Libro
Lingua:ceco
slovacco
Pubblicazione: Praha : Česká geotechnická společnost ČSSI, 2015
Edizione:1. vyd.
Tags: Aggiungi Tag
Nessun Tag, puoi essere il primo ad aggiungerne!!

MARC

LEADER 00000nam a22000003a 4500
001 0008735
005 20220509090828.8
008 141105s--------xr----------------------d
020 |a 978-80-87920-02-2 
040 |a STU  |b slo 
041 0 |a cze  |a slo 
044 |a xr 
111 2 |a Zakládání staveb 2015  |n 43.  |d 9. - 10. 11. 2015  |c Brno, Česká republika 
245 |a Zakládání staveb - Brno 2015 :  |b 43. konference se zahraniční účastí. Sborník příspevků, Brno, ČR, 9. - 10. 11. 2015 
246 3 1 |a Foundation engineering - Brno 2015 :  |b 43nd Conference with international participation 
250 |a 1. vyd. 
260 |a Praha :  |b Česká geotechnická společnost ČSSI,  |c 2015 
300 |a 204 s.  |b CD-ROM 
700 1 |a Klímek, Lubomír  |r Z6  |4 rev 
700 1 |a Miča, Lumír  |r Z6  |4 rev 
700 1 |a Svoboda, Petr  |r Z6  |4 rev 
996 |c V* 2255/sc-15  |l VV5  |s P  |a 0  |w 0008735_0001 
996 |c V* 2256/sc-15  |l VV5  |s P  |a 0  |w 0008735_0002 
996 |c V* 2257/sc-15  |l VV5  |s P  |a 0  |w 0008735_0003